000 nam a22 7a 4500
999 _c29975
_d29975
008 181129b xxu||||| |||| 00| 0 eng d
020 _a9781107480155
050 _aP 241 .L54 2016
100 _aLieber, Rochelle.
245 _aIntroducing morphology/
250 _a2nd ed.
260 _aUnited Kingdom:
_bCambridge University Press,
_c2016.
300 _axii, 243p.:
_bill.;
_c24 cm.
504 _aIncludes index.
650 _aGrammar.
650 _aComparative.
650 _aGeneral morphology.
942 _2lcc
_cBOOKS
_hP 241 .L54 2016
_01